| 000 | 01370nam a2200277Ia 4500 | ||
|---|---|---|---|
| 999 |
_c40844 _d40844 |
||
| 001 | 7485 | ||
| 003 | GE_BSU | ||
| 005 | 20231220151415.0 | ||
| 008 | 181216s2009||||ge |||||||||||||| ||geo|| | ||
| 020 | _a9789941014147 | ||
| 040 | _cGE_BSU | ||
| 041 | _ageo | ||
| 080 | _a821.111-4+821.111-92 ვ-95 | ||
| 100 |
_aვულფი, ვირჯინია _914744 |
||
| 245 |
_aსაკუთარი ოთახი = A Room of one' s own : _bესეები / _cვირჯინია ვულფი ; ინგლ. თარგმნ. ინგა მაცაბერიძე - პაპავამ ; რედ. ლია იმერლიშვილი ; მხატვ. რუსუდან ხუციშვილი. |
||
| 264 |
_aთბილისი : _bკონსტანტინე, _c2009. |
||
| 300 |
_a208 გვ. ; _c17 სმ. |
||
| 500 | _aანბ. საძ. გვ. : 187-196 | ||
| 541 | _h15ლ. | ||
| 653 | _aესეები | ||
| 653 | _aსაკუთარი ოთახი | ||
| 700 |
_aმაცაბერიძე - პაპავა, ინგა _eმთარგმნელი _920804 |
||
| 700 |
_aიმერლიშვილი, ლია _eრედაქტორი _914745 |
||
| 700 |
_aხუციშვილი, რუსუდან _eმხატვარი _914746 |
||
| 942 |
_cBK _2udc |
||